Ciudades más pobladas de Costa Rica con un mapa - Estadísticas

Estadísticas generales
  • Esta prueba ha sido intentada 36 veces
  • La puntuación promedio es 7 de 12
Respuestas en el mapa
Las respuestas están codificadas por una escala verde-roja en el mapa de la prueba según el % correcto abajo.
 
Estadísticas de respuestas
Población Ciudad % Correcto
1.453.500 San José
100%
65.300 Limón
77%
196.900 Alajuela
69%
232.300 Cartago
69%
59.100 Liberia
69%
87.500 Puntarenas
69%
367.900 Heredia
62%
66.300 San Isidro de El General
46%
38.300 Grecia
35%
38.800 Guápiles
35%
40.600 San Ramón
35%
57.500 San Rafael de Alajuela
19%
No se encontraron pruebas coincidentes
Distribución de puntuación
Porcentaje de gente con cada puntuación
Porcentaje por número respondido
Historial de tus puntuaciones
No has intentado esta prueba.